000 00462nam a2200169Ia 4500
003 GCL
008 140319s9999 xx 000 0 ara d
040 _aGCL /
_cGCL
082 0 4 _a813.02
_bب ا
100 1 _aبسمة النور
245 1 0 _aاعتياد الاشياء وقصص اخرى /
_cبسمة النور
300 _a74 ص
490 _a100 قصة
_v0
650 0 4 _aالادب العربى
650 0 4 _aالقصص القصيرة
942 _2ddc
_cBK
999 _c46555
_d46555